[Event "CSS Freestyle 8th"]
[Site "playchess.com"]
[Date "2008.04.11"]
[Round "3"]
[White "Rybko"]
[Black "Rajlich"]
[Result "1/2-1/2"]
[WhiteElo "2394"]
[BlackElo "2595"]
[PlyCount "79"]
[EventDate "2008.04.11"]

1. e4 {116} e6 {7} 2. d4 {16} d5 {3} 3. Nc3 {81} Bb4 {9} 4. e5 {18} c5 {8} 5.
a3 {13} Bxc3+ {3} 6. bxc3 {2} Qa5 {5} 7. Bd2 {21} Qa4 {10} 8. Qb1 {60} c4 {26}
9. h4 {359} Nc6 {33} 10. Be2 {192} Bd7 {112} 11. Bh5 {Rybko offers a draw 136}
Nge7 {1084} 12. Nf3 {25} Rf8 {341} 13. O-O {170} O-O-O {23} 14. Qb2 {267} h6 {
204} 15. Bf4 {155} Kb8 {179} 16. Rab1 {174} b6 {9} 17. Bg4 {11} Ka8 {26} 18.
Rfe1 {108} Nb8 {45} 19. Qa2 {146} Na6 {27} 20. Bh3 {129} Nc6 {32} 21. Rb2 {91}
Nc7 {17} 22. Reb1 {59} Bc8 {26} 23. Qa1 {61} Ba6 {39} 24. Ra2 {48} Bc8 {104}
25. Qb2 {106} Ne8 {14} 26. Raa1 {47} f5 {92} 27. g3 {145} Nc7 {170} 28. Bf1 {22
} Bd7 {31} 29. Be2 {41} Be8 {26} 30. Ne1 {51} Rh8 {24} 31. h5 {49} Rc8 {8} 32.
Ng2 {24} Nd8 {44} 33. Qc1 {42} Bf7 {257} 34. Be3 {65} Nc6 {205} 35. Nf4 {26}
Rhe8 {37} 36. Bf3 {39} Rf8 {32} 37. Qb2 {28} Rfe8 {46} 38. Kh2 {98} Rg8 {149}
39. Kg1 {63} Rgd8 {33} 40. Kg2 {
Rybko offers a draw (Lag: Av=0.17s, max=0.5s) 50} 1/2-1/2

[Event "CSS Freestyle 8th"]
[Site "playchess.com"]
[Date "2008.04.11"]
[Round "3"]
[White "Murx"]
[Black "Mapi"]
[Result "1/2-1/2"]
[WhiteElo "2560"]
[BlackElo "2487"]
[PlyCount "92"]
[EventDate "2008.04.11"]

1. e4 {69} c5 {18} 2. Nf3 {13} d6 {34} 3. d4 {18} cxd4 {6} 4. Nxd4 {8} Nf6 {7}
5. Nc3 {10} a6 {12} 6. Be3 {16} e5 {37} 7. Nb3 {20} Be6 {39} 8. f3 {15} Be7 {32
} 9. Qd2 {89} h5 {21} 10. Nd5 {38} Nxd5 {71} 11. exd5 {28} Bf5 {12} 12. Be2 {78
} Nd7 {110} 13. O-O {97} h4 {54} 14. Na5 {381} Qc7 {41} 15. h3 {125} Nf6 {173}
16. c4 {49} O-O {71} 17. b4 {14} Rfe8 {167} 18. Rac1 {45} Qd7 {10} 19. Rfd1 {24
} Bd8 {158} 20. c5 {19} dxc5 {21} 21. Nb3 {26} cxb4 {111} 22. Nc5 {6} Qc7 {316}
23. d6 {45} Qc6 {66} 24. Nxa6 {59} Qa4 {12} 25. Nc7 {68} Bxc7 {8} 26. dxc7 {9}
Qxa2 {224} 27. Qxa2 {17} Rxa2 {4} 28. Bb5 {85} Rc8 {13} 29. Rd8+ {256} Kh7 {7}
30. Bd3 {20} Bxd3 {72} 31. Rxc8 {21} Bf5 {13} 32. Rb8 {30} Nd5 {95} 33. Bf2 {37
} b3 {65} 34. Rxb7 {264} Nxc7 {67} 35. Rcxc7 {231} b2 {32} 36. Rxf7 {128} b1=R+
{11} 37. Rxb1 {44} Bxb1 {15} 38. Rb7 {26} Bd3 {86} 39. Bxh4 {20} e4 {105} 40.
Bf6 {322} exf3 {8} 41. Rxg7+ {26} Kh6 {20} 42. gxf3 {318} Ra6 {13} 43. Be5 {544
} Rg6+ {33} 44. Rxg6+ {20} Kxg6 {16} 45. Kf2 {20} Bc2 {111} 46. Kg3 {25} Bb1 {
Mapi bietet Remis (Lag: Av=0.51s, max=1.4s) 15} 1/2-1/2

[Event "CSS Freestyle 8th"]
[Site "playchess.com"]
[Date "2008.04.11"]
[Round "3"]
[White "Lukulus"]
[Black "Revelator"]
[Result "0-1"]
[WhiteElo "2433"]
[BlackElo "2520"]
[PlyCount "60"]
[EventDate "2008.04.11"]

1. e4 {62} c5 {210} 2. Nf3 {62} d6 {47} 3. d4 {7} cxd4 {10} 4. Nxd4 {16} Nf6 {
15} 5. Nc3 {16} a6 {8} 6. Bg5 {25} e6 {18} 7. f4 {19} Qb6 {33} 8. Qd2 {8} Qxb2
{12} 9. Rb1 {17} Qa3 {10} 10. e5 {18} h6 {14} 11. Bxf6 {10} gxf6 {11} 12. Ne4 {
19} fxe5 {20} 13. fxe5 {290} dxe5 {102} 14. Nf5 {1036} exf5 {125} 15. Nf6+ {25}
Ke7 {36} 16. Rb3 {73} Kxf6 {427} 17. Rxa3 {670} Bxa3 {5} 18. Bd3 {23} Nc6 {299}
19. O-O {28} Bc5+ {9} 20. Kh1 {36} f4 {400} 21. Be4 {17} Rg8 {5} 22. Qc3 {70}
Bd4 {99} 23. Qb3 {36} Rg5 {172} 24. a4 {365} Kg7 {62} 25. c3 {184} Be3 {25} 26.
Re1 {22} Nd8 {151} 27. Qb2 {106} Bd7 {194} 28. Qb4 {15} a5 {92} 29. Qb3 {119}
Bc6 {253} 30. h4 {111} Rg4 {Lukulus gibt auf (Lag: Av=1.09s, max=2.7s) 50} 0-1

[Event "CSS Freestyle 8th"]
[Site "playchess.com"]
[Date "2008.04.11"]
[Round "3"]
[White "Knilch"]
[Black "Icy45"]
[Result "0-1"]
[WhiteElo "2501"]
[BlackElo "2457"]
[PlyCount "102"]
[EventDate "2008.04.11"]

1. Nf3 {6} d5 {7} 2. d4 {10} Nf6 {8} 3. c4 {25} e6 {8} 4. Qc2 {47} Be7 {184} 5.
e3 {157} O-O {41} 6. Nc3 {11} c5 {308} 7. dxc5 {18} Nc6 {44} 8. a3 {15} Bxc5 {
184} 9. Be2 {41} dxc4 {75} 10. Bxc4 {0} Bd7 {31} 11. Bd2 {8} Rc8 {154} 12. O-O
{32} Be7 {51} 13. Rad1 {594} Qc7 {75} 14. Bd3 {183} Ne5 {44} 15. Nxe5 {50} Qxe5
{57} 16. f4 {64} Qc5 {159} 17. Be1 {139} Qxe3+ {144} 18. Bf2 {12} Qxf4 {99} 19.
Bxh7+ {17} Kh8 {15} 20. Rd3 {22} Ba4 {130} 21. Qe2 {398} Qc4 {139} 22. Nxa4 {
207} Kxh7 {131} 23. Nc3 {15} a5 {98} 24. b3 {236} Qa6 {26} 25. Nb5 {88} Kg8 {
255} 26. a4 {25} Rfd8 {61} 27. Rxd8+ {15} Bxd8 {153} 28. Kh1 {10} Nd5 {96} 29.
Qf3 {118} Bf6 {54} 30. h4 {73} Rc7 {23} 31. h5 {34} Nc3 {24} 32. Qd3 {58} e5 {
106} 33. Re1 {26} Nxb5 {27} 34. axb5 {39} Qe6 {42} 35. Kg1 {10} Rd7 {17} 36.
Qc4 {55} Rd5 {25} 37. b6 {120} Bd8 {82} 38. Kf1 {27} Qd7 {30} 39. g3 {58} Rb5 {
16} 40. Kg2 {62} Rb4 {26} 41. Qc2 {34} Qd5+ {44} 42. Kg1 {13} Qe6 {33} 43. Qc5
{56} Bxb6 {11} 44. Qxe5 {8} Qxe5 {19} 45. Rxe5 {5} Bxf2+ {16} 46. Kxf2 {10} b6
{14} 47. Re3 {28} Kh7 {18} 48. Re7 {39} f6 {13} 49. Re3 {55} Kh6 {7} 50. Rc3 {
78} Kxh5 {25} 51. Kf3 {14} g5 {Knilch gibt auf (Lag: Av=0.32s, max=0.8s) 22}
0-1

[Event "CSS Freestyle 8th"]
[Site "playchess.com"]
[Date "2008.04.11"]
[Round "3"]
[White "Juicy J"]
[Black "Wytiko"]
[Result "1-0"]
[WhiteElo "2460"]
[BlackElo "2329"]
[PlyCount "59"]
[EventDate "2008.04.11"]

1. e4 {1} c5 {13} 2. Nf3 {5} Nc6 {7} 3. Nc3 {27} g6 {41} 4. d4 {15} cxd4 {4} 5.
Nxd4 {1} Bg7 {3} 6. Be3 {14} Nf6 {25} 7. Bc4 {200} Qa5 {4} 8. O-O {94} O-O {4}
9. Bb3 {296} d6 {8} 10. h3 {54} Bd7 {97} 11. f4 {4} Nxd4 {63} 12. Bxd4 {4} Bc6
{436} 13. Nd5 {199} Rae8 {142} 14. f5 {114} Bxd5 {278} 15. exd5 {9} Nd7 {9} 16.
Kh1 {142} Rc8 {386} 17. c3 {276} Bxd4 {244} 18. Qxd4 {0} Qc5 {32} 19. Qh4 {123}
Nf6 {253} 20. Rae1 {468} Rc7 {85} 21. Qh6 {75} Qb5 {85} 22. Rf3 {259} Rd8 {437}
23. fxg6 {139} fxg6 {78} 24. g4 {180} a5 {111} 25. c4 {196} Qb4 {59} 26. Re6 {
128} Qb6 {415} 27. g5 {22} Nh5 {83} 28. Rxg6+ {10} hxg6 {23} 29. Qxg6+ {1} Ng7
{7} 30. Bc2 {Wytiko abbandona (Lag: Av=28.94s, max=105.6s) 10} 1-0

[Event "CSS Freestyle 8th"]
[Site "playchess.com"]
[Date "2008.04.11"]
[Round "3"]
[White "HydraAssasin"]
[Black "Badbishop1"]
[Result "1-0"]
[WhiteElo "2400"]
[BlackElo "2377"]
[PlyCount "77"]
[EventDate "2008.04.11"]

1. e4 {33} e5 {6} 2. Nf3 {8} Nf6 {10} 3. Nxe5 {7} d6 {18} 4. Nf3 {8} Nxe4 {46}
5. d4 {8} d5 {20} 6. Bd3 {8} Nc6 {44} 7. O-O {8} Be7 {18} 8. c4 {6} Nb4 {36} 9.
Be2 {10} O-O {6} 10. Nc3 {9} Be6 {51} 11. Be3 {9} Bf5 {52} 12. Qb3 {9} c6 {33}
13. cxd5 {6} cxd5 {8} 14. Rac1 {132} Rc8 {8} 15. Nxe4 {287} dxe4 {13} 16. Rxc8
{34} Qxc8 {1} 17. Rc1 {27} Qb8 {45} 18. Ne5 {21} Bd6 {8} 19. Bc4 {16} Bxe5 {34}
20. dxe5 {52} Nd3 {12} 21. Rc3 {24} Nxe5 {54} 22. Bf4 {658} Qe8 {183} 23. Bf1 {
180} Qe7 {169} 24. Qd5 {79} Re8 {8} 25. Rb3 {17} Be6 {65} 26. Qxe5 {16} Bxb3 {3
} 27. Qxe7 {14} Rxe7 {3} 28. axb3 {88} Rd7 {173} 29. Be2 {17} a6 {130} 30. g4 {
71} f6 {122} 31. Be3 {68} Kf7 {101} 32. Bc4+ {97} Ke7 {36} 33. Bc5+ {61} Ke8 {
135} 34. b4 {332} Kd8 {19} 35. Kg2 {268} Kc7 {66} 36. h4 {75} Kc6 {286} 37. h5
{43} Rd8 {253} 38. Kg3 {28} a5 {30} 39. Be3 {
Badbishop1 resigns (Lag: Av=0.95s, max=2.0s) 33} 1-0

[Event "CSS Freestyle 8th"]
[Site "playchess.com"]
[Date "2008.04.11"]
[Round "3"]
[White "Don Juan"]
[Black "Rentner2"]
[Result "1/2-1/2"]
[WhiteElo "2478"]
[BlackElo "2616"]
[PlyCount "90"]
[EventDate "2008.04.11"]

1. d4 {5} d5 {3} 2. c4 {6} e6 {4} 3. Nc3 {6} c5 {5} 4. cxd5 {24} exd5 {3} 5.
Nf3 {5} Nc6 {4} 6. g3 {13} Nf6 {5} 7. Bg2 {7} Be7 {3} 8. O-O {7} O-O {3} 9. Bg5
{54} c4 {86} 10. Ne5 {24} Be6 {63} 11. b3 {17} h6 {44} 12. Bxf6 {85} Bxf6 {8}
13. Nxc6 {76} bxc6 {16} 14. bxc4 {5} dxc4 {26} 15. e3 {254} c5 {7} 16. Ne4 {25}
cxd4 {4} 17. Nxf6+ {86} gxf6 {4} 18. exd4 {125} Bd5 {4} 19. Qg4+ {157} Kh8 {4}
20. Bf3 {53} Rc8 {569} 21. Rfd1 {173} Qd6 {5} 22. Qh5 {81} Bxf3 {87} 23. Qxf3 {
0} Rfd8 {28} 24. Rac1 {114} Kg7 {124} 25. Qg4+ {86} Kh7 {577} 26. d5 {36} c3 {
451} 27. Qd4 {66} Rc5 {88} 28. Rxc3 {27} Rxd5 {62} 29. Qxd5 {3} Qxd5 {2} 30.
Rxd5 {6} Rxd5 {3} 31. Ra3 {66} a5 {39} 32. Kg2 {186} Kg6 {176} 33. Ra4 {118} f5
{110} 34. Kf3 {60} Re5 {322} 35. h3 {118} h5 {251} 36. Rh4 {98} Rc5 {94} 37.
Kg2 {7} Rc2 {22} 38. Ra4 {46} Rc5 {5} 39. Kf1 {92} Re5 {8} 40. f3 {24} Rc5 {308
} 41. Ke2 {108} f4 {81} 42. gxf4 {62} h4 {2} 43. Kd3 {144} Kf5 {16} 44. Kd2 {
112} f6 {31} 45. Rd4 {92} Rc7 {
Don Juan ofrece tablas (Lag: Av=0.40s, max=1.6s) 8} 1/2-1/2

[Event "CSS Freestyle 8th"]
[Site "playchess.com"]
[Date "2008.04.11"]
[Round "3"]
[White "Bushel"]
[Black "Fulcrum2000"]
[Result "1-0"]
[WhiteElo "2421"]
[BlackElo "2567"]
[PlyCount "127"]
[EventDate "2008.04.11"]

1. Nf3 {41} d5 {17} 2. d4 {6} Nf6 {23} 3. c4 {7} e6 {59} 4. Nc3 {7} Bb4 {9} 5.
e3 {225} c5 {129} 6. Bd3 {8} O-O {25} 7. O-O {94} Nc6 {26} 8. a3 {5} Bxc3 {14}
9. bxc3 {1} b6 {137} 10. cxd5 {157} exd5 {18} 11. Ne5 {7} Bb7 {54} 12. Bb2 {152
} c4 {18} 13. Bc2 {191} Nxe5 {94} 14. dxe5 {3} Ne4 {8} 15. a4 {55} Qc7 {397}
16. f4 {148} Rfd8 {13} 17. Qh5 {149} g6 {227} 18. Qh4 {5} Bc6 {147} 19. Ba3 {
152} Re8 {135} 20. Bxe4 {5} dxe4 {7} 21. f5 {139} Rxe5 {45} 22. Qh6 {159} f6 {6
} 23. Bd6 {167} Qxd6 {21} 24. fxg6 {2} Qe7 {601} 25. Rxf6 {10} Qg7 {6} 26.
gxh7+ {77} Qxh7 {4} 27. Rg6+ {5} Kh8 {13} 28. Qxh7+ {23} Kxh7 {14} 29. Rxc6 {3}
Rd8 {16} 30. Rxc4 {268} Rd3 {94} 31. Rc7+ {230} Kg6 {20} 32. Rxa7 {84} Rxe3 {10
} 33. Ra6 {4} Re6 {10} 34. a5 {35} Rxc3 {16} 35. Rb1 {62} Ra3 {7} 36. Raxb6 {
115} Rf6 {43} 37. Re1 {50} e3 {79} 38. g3 {83} Kf7 {64} 39. Rxf6+ {100} Kxf6 {
11} 40. Kg2 {57} Kf5 {56} 41. Kf3 {45} e2+ {5} 42. Kxe2 {6} Kg4 {47} 43. a6 {78
} Kh3 {39} 44. Kf2 {182} Ra2+ {10} 45. Kf3 {24} Rxa6 {37} 46. Re8 {23} Ra3+ {8}
47. Kf4 {11} Ra4+ {9} 48. Re4 {7} Ra2 {7} 49. Re5 {8} Ra4+ {3} 50. Kg5 {9} Ra8
{7} 51. Kh6 {9} Ra6+ {5} 52. Kh5 {6} Ra8 {5} 53. Rb5 {15} Rc8 {7} 54. Kh6 {15}
Rc6+ {4} 55. Kg7 {4} Rc7+ {9} 56. Kf8 {85} Rc8+ {9} 57. Ke7 {6} Rc7+ {2} 58.
Kd6 {4} Rc2 {5} 59. Rh5+ {6} Kg4 {5} 60. Rh4+ {8} Kg5 {5} 61. h3 {6} Rg2 {32}
62. Rg4+ {9} Kf5 {18} 63. Kd5 {11} Rf2 {19} 64. Kd4 {
Fulcrum2000 resigns (Lag: Av=0.27s, max=1.3s) 8} 1-0

[Event "CSS Freestyle 8th"]
[Site "playchess.com"]
[Date "2008.04.11"]
[Round "3"]
[White "Moro Gamgee"]
[Black "Olivier EVAN"]
[Result "1-0"]
[WhiteElo "2428"]
[BlackElo "2401"]
[PlyCount "115"]
[EventDate "2008.04.11"]

1. e4 {2} e5 {1580} 2. Nf3 {10} Nc6 {5} 3. Bb5 {8} Nf6 {22} 4. O-O {17} Nxe4 {
70} 5. d4 {7} Be7 {51} 6. Qe2 {73} Nd6 {12} 7. Bxc6 {16} bxc6 {8} 8. dxe5 {3}
Nf5 {20} 9. Qe4 {176} g6 {24} 10. Nd4 {68} Nxd4 {21} 11. Qxd4 {2} O-O {197} 12.
Bh6 {22} Re8 {3} 13. Nc3 {3} d5 {121} 14. Na4 {6} Bf5 {77} 15. b3 {195} a5 {8}
16. c3 {253} Qb8 {63} 17. Rfe1 {64} Qa7 {34} 18. h3 {184} Qxd4 {144} 19. cxd4 {
4} f6 {5} 20. Bf4 {39} Bb4 {70} 21. Rec1 {8} g5 {323} 22. Bh2 {5} fxe5 {5} 23.
Bxe5 {3} Re6 {9} 24. a3 {228} Bd2 {170} 25. Rc5 {10} Rae8 {16} 26. g3 {240} g4
{8} 27. Ra2 {5} Bh6 {15} 28. hxg4 {10} Bxg4 {6} 29. Kg2 {2} Bg7 {31} 30. f4 {6}
Bd1 {85} 31. Rd2 {371} Bxb3 {76} 32. Rxa5 {7} Bxa4 {6} 33. Rxa4 {3} c5 {5} 34.
Bxg7 {3} Kxg7 {4} 35. dxc5 {3} Re2+ {82} 36. Rxe2 {8} Rxe2+ {0} 37. Kf3 {2} Rc2
{10} 38. Ra5 {172} Rc3+ {63} 39. Kf2 {3} Kf6 {20} 40. g4 {69} Ke7 {6} 41. a4 {
123} Rc4 {6} 42. Ke3 {4} Kd7 {5} 43. g5 {40} Rc3+ {171} 44. Kd4 {279} Rc4+ {30}
45. Ke5 {2} Re4+ {59} 46. Kf5 {3} Re6 {48} 47. c6+ {78} Kd6 {19} 48. Ra8 {9}
Re4 {67} 49. Rh8 {82} Re7 {46} 50. Rd8+ {18} Kxc6 {50} 51. Kf6 {5} Re1 {48} 52.
f5 {15} Rg1 {79} 53. a5 {57} Rg2 {5} 54. Rb8 {33} Rg1 {20} 55. a6 {14} Ra1 {11}
56. Kg7 {15} Rxa6 {5} 57. f6 {14} Ra4 {9} 58. f7 {Temps ' 14} 1-0

[Event "CSS Freestyle 8th"]
[Site "playchess.com"]
[Date "2008.04.11"]
[Round "3"]
[White "New Man"]
[Black "Stabiloboss"]
[Result "1/2-1/2"]
[WhiteElo "2509"]
[BlackElo "2401"]
[PlyCount "90"]
[EventDate "2008.04.11"]

1. e4 {31} e5 {6} 2. Nf3 {134} Nc6 {4} 3. Bb5 {71} a6 {7} 4. Ba4 {101} Nf6 {7}
5. O-O {51} Be7 {9} 6. Re1 {28} b5 {7} 7. Bb3 {18} d6 {5} 8. c3 {167} O-O {18}
9. h3 {221} Na5 {11} 10. Bc2 {78} c5 {10} 11. d4 {30} Qc7 {9} 12. d5 {137} Bd7
{186} 13. Nbd2 {102} c4 {269} 14. Nh4 {70} Nb7 {97} 15. Ndf3 {383} Nc5 {351}
16. Nf5 {172} Bxf5 {26} 17. exf5 {26} Qb7 {337} 18. Bg5 {39} Ncd7 {125} 19.
Bxf6 {113} Nxf6 {22} 20. Be4 {51} Nxe4 {181} 21. Rxe4 {4} Qd7 {6} 22. Qe2 {123}
Bf6 {266} 23. g4 {91} g6 {23} 24. fxg6 {34} fxg6 {27} 25. b3 {38} cxb3 {274}
26. axb3 {22} Bd8 {25} 27. Kg2 {216} a5 {141} 28. Qe3 {21} Rc8 {72} 29. Qd3 {37
} Qf7 {93} 30. c4 {37} Rc5 {239} 31. Rc1 {290} h6 {254} 32. Rc3 {91} Kg7 {79}
33. Re2 {34} a4 {44} 34. cxb5 {22} Rxd5 {28} 35. Qe4 {68} a3 {98} 36. Rc6 {17}
Be7 {71} 37. Rc7 {41} Rxb5 {18} 38. Nd4 {48} Rc5 {109} 39. Nc6 {31} Re8 {4} 40.
Ra2 {42} Kh7 {94} 41. h4 {42} Kh8 {24} 42. Rxe7 {91} Rxe7 {9} 43. Nxe7 {21}
Qxe7 {5} 44. Qxg6 {41} Rc3 {85} 45. Qxh6+ {49} Kg8 {
New Man offers a draw (Lag: Av=0.66s, max=1.3s) 6} 1/2-1/2

[Event "CSS Freestyle 8th"]
[Site "playchess.com"]
[Date "2008.04.11"]
[Round "3"]
[White "Tatar"]
[Black "Sciolto"]
[Result "1/2-1/2"]
[WhiteElo "2542"]
[BlackElo "2497"]
[PlyCount "141"]
[EventDate "2008.04.11"]

1. e4 {7} e5 {35} 2. Nf3 {9} Nc6 {5} 3. Bb5 {9} a6 {8} 4. Ba4 {5} Nf6 {9} 5.
O-O {9} Be7 {10} 6. Re1 {10} b5 {5} 7. Bb3 {5} O-O {6} 8. c3 {11} d6 {6} 9. d4
{53} Bg4 {191} 10. Be3 {100} exd4 {11} 11. cxd4 {7} d5 {115} 12. e5 {14} Ne4 {
11} 13. h3 {465} Bh5 {4} 14. Nc3 {6} Nxc3 {13} 15. bxc3 {0} Qd7 {98} 16. Bc2 {
88} f5 {94} 17. Bd2 {22} Qe6 {215} 18. a4 {8} b4 {297} 19. Rb1 {7} a5 {37} 20.
Bd3 {36} bxc3 {39} 21. Bxc3 {0} Nb4 {3} 22. Bb5 {84} c6 {54} 23. Be2 {96} Bg6 {
9} 24. Rb2 {51} f4 {43} 25. Nd2 {91} Bf5 {33} 26. Rf1 {22} Qh6 {219} 27. Kh2 {
100} Qg6 {36} 28. Bh5 {6} Qe6 {90} 29. Nb3 {92} Nd3 {130} 30. Rd2 {81} Nb4 {3}
31. Bg4 {53} Rfb8 {90} 32. Bxf5 {14} Qxf5 {8} 33. Qf3 {68} Rb6 {36} 34. Rfd1 {
57} Nd3 {61} 35. Na1 {11} Nb4 {10} 36. Re2 {56} Rab8 {25} 37. Rb2 {432} h6 {157
} 38. Be1 {9} R6b7 {66} 39. Re2 {59} Rb6 {41} 40. Rb2 {10} R6b7 {8} 41. Rbd2 {
201} Bd8 {7} 42. Re2 {73} Rb6 {216} 43. Qg4 {75} Qxg4 {6} 44. hxg4 {2} Kf7 {106
} 45. f3 {12} Ke6 {13} 46. g3 {87} Bg5 {47} 47. Kg2 {122} Na6 {163} 48. Bxa5 {
63} Rb2 {5} 49. Rde1 {265} c5 {11} 50. Bc3 {208} Rxe2+ {5} 51. Rxe2 {2} cxd4 {6
} 52. Bxd4 {13} Rb4 {9} 53. Nc2 {55} Rxa4 {19} 54. Bg1 {143} Nc7 {27} 55. Nd4+
{16} Kd7 {12} 56. Rb2 {66} fxg3 {35} 57. Kxg3 {0} Be7 {38} 58. Ne2 {70} g5 {122
} 59. Rb7 {Sciolto offers a draw 7} Bb4 {12} 60. Kh3 {81} Kc8 {30} 61. Rb6 {15}
Bf8 {27} 62. Rg6 {24} Kd7 {8} 63. Nd4 {31} Ra6 {15} 64. Rxa6 {29} Nxa6 {6} 65.
Kg3 {33} Nc5 {14} 66. f4 {Sciolto offers a draw 27} Bg7 {44} 67. Kf3 {170} gxf4
{5} 68. Nf5 {6} Ne6 {21} 69. Nxg7 {12} Nxg7 {10} 70. Kxf4 {5} Ke6 {
Tatar bietet Remis 16} 71. Bc5 {(Lag: Av=0.33s, max=1.1s) 31} 1/2-1/2

[Event "CSS Freestyle 8th"]
[Site "playchess.com"]
[Date "2008.04.11"]
[Round "3"]
[White "WindPower"]
[Black "Dom_"]
[Result "1/2-1/2"]
[WhiteElo "2425"]
[BlackElo "2450"]
[PlyCount "113"]
[EventDate "2008.04.11"]

1. e4 {4} c5 {218} 2. b4 {4} cxb4 {245} 3. a3 {3} e6 {460} 4. axb4 {70} Bxb4 {
300} 5. c3 {3} Be7 {61} 6. d4 {3} Nf6 {114} 7. Bd3 {141} b6 {170} 8. e5 {115}
Nd5 {24} 9. Qg4 {4} g6 {196} 10. Bh6 {18} Nc6 {56} 11. Ne2 {30} d6 {72} 12. f4
{222} Bb7 {165} 13. Qh3 {103} Qd7 {23} 14. Nd2 {423} O-O-O {91} 15. Ne4 {21}
Nxf4 {96} 16. Bxf4 {296} dxe5 {17} 17. Bh6 {2} exd4 {635} 18. O-O {4} dxc3 {42}
19. Bb5 {162} c2 {6} 20. Rac1 {263} f5 {93} 21. Nf2 {2} Qd5 {59} 22. Nc3 {53}
Qb3 {42} 23. Ba4 {122} Qc4 {7} 24. Rxc2 {11} Nd4 {40} 25. Rcc1 {4} Kb8 {39} 26.
Bg7 {232} Ba3 {175} 27. Rcd1 {124} Qxc3 {53} 28. Bxd4 {155} Qxh3 {69} 29. gxh3
{4} Rhf8 {15} 30. Bg7 {44} Rxd1 {11} 31. Rxd1 {4} Rc8 {19} 32. Bd7 {30} Rc2 {54
} 33. Be5+ {27} Ka8 {3} 34. Bxe6 {3} a5 {9} 35. Rd8+ {55} Ka7 {13} 36. Nd3 {1}
Ka6 {95} 37. Bb3 {258} Rc8 {6} 38. Rxc8 {59} Bxc8 {5} 39. h4 {2} Be7 {20} 40.
Bg8 {32} h6 {21} 41. Bg7 {33} Bxh4 {17} 42. Ne5 {32} Bd8 {84} 43. Nxg6 {22} h5
{14} 44. Nf4 {28} h4 {10} 45. Kf2 {6} Bc7 {36} 46. Ke3 {57} h3 {5} 47. Bf6 {51}
b5 {39} 48. Bh4 {6} b4 {47} 49. Bg3 {20} a4 {60} 50. Nxh3 {64} Bxg3 {18} 51.
hxg3 {dom_ proponuje remis 2} b3 {10} 52. Kd2 {34} b2 {33} 53. Kc2 {5} a3 {13}
54. Ba2 {17} Kb5 {25} 55. Kb3 {64} f4 {28} 56. Nxf4 {35} Bf5 {
WindPower offers a draw 8} 57. Kxa3 {(Lag: Av=2.10s, max=3.9s) 57} 1/2-1/2

[Event "CSS Freestyle 8th"]
[Site "playchess.com"]
[Date "2008.04.11"]
[Round "3"]
[White "Regina H-Milch"]
[Black "Jcook140"]
[Result "1-0"]
[WhiteElo "2439"]
[BlackElo "2440"]
[PlyCount "110"]
[EventDate "2008.04.11"]

1. d4 {10} Nf6 {66} 2. c4 {15} e6 {83} 3. Nc3 {72} c5 {50} 4. d5 {44} exd5 {58}
5. cxd5 {24} d6 {9} 6. Nf3 {54} g6 {35} 7. e4 {109} Bg7 {23} 8. h3 {145} O-O {
32} 9. Bd3 {21} a6 {134} 10. a4 {27} Nbd7 {26} 11. O-O {29} Rb8 {98} 12. Bf4 {
263} Qe7 {33} 13. Re1 {62} Nh5 {343} 14. Bh2 {20} Ne5 {44} 15. Be2 {91} Re8 {
621} 16. Qd2 {194} Bd7 {543} 17. Nxe5 {268} Bxe5 {38} 18. Bxh5 {201} Bxh2+ {161
} 19. Kxh2 {19} Qe5+ {6} 20. f4 {62} Qxh5 {9} 21. e5 {80} dxe5 {153} 22. Ne4 {
277} Qh4 {25} 23. fxe5 {37} Rxe5 {15} 24. Nxc5 {87} Rxe1 {28} 25. Rxe1 {57} Qf6
{37} 26. Qc3 {267} Qf4+ {112} 27. Qg3 {84} Qxg3+ {28} 28. Kxg3 {5} Bf5 {10} 29.
a5 {325} b6 {188} 30. Nxa6 {17} Rb7 {16} 31. Kf4 {123} bxa5 {8} 32. g4 {44} Bd7
{119} 33. Re7 {233} Rb6 {43} 34. Nc5 {87} Bb5 {116} 35. Ke5 {31} f6+ {216} 36.
Kd4 {19} h5 {175} 37. gxh5 {20} gxh5 {5} 38. h4 {15} Kf8 {105} 39. Rb7 {102}
Rxb7 {103} 40. Nxb7 {13} a4 {140} 41. Kc5 {28} Be8 {40} 42. Kd6 {54} f5 {128}
43. Nc5 {. 84} f4 {19} 44. Ne6+ {21} Kf7 {12} 45. Nxf4 {61} Kf6 {13} 46. Kc7 {
47} Ke5 {10} 47. Nxh5 {67} Bxh5 {11} 48. d6 {22} Bg4 {26} 49. d7 {15} Bxd7 {7}
50. Kxd7 {14} Kf5 {11} 51. Kc6 {19} Kg4 {11} 52. Kb5 {22} Kxh4 {3} 53. Kxa4 {11
} Kg5 {3} 54. Kb5 {68} Kf6 {0} 55. Kc6 {34} Ke7 {
Jcook140 resigns (Lag: Av=0.37s, max=1.3s) 0} 1-0

[Event "CSS Freestyle 8th"]
[Site "playchess.com"]
[Date "2008.04.11"]
[Round "3"]
[White "FATTAaMANO"]
[Black "Mikhail Umansky"]
[Result "1/2-1/2"]
[WhiteElo "2432"]
[BlackElo "2329"]
[PlyCount "94"]
[EventDate "2008.04.11"]

1. d4 {2} Nf6 {59} 2. c4 {11} g6 {2} 3. Nf3 {6} Bg7 {2} 4. g3 {8} O-O {5} 5.
Bg2 {3} d6 {1} 6. Nc3 {5} Nc6 {14} 7. O-O {47} e5 {10} 8. d5 {89} Ne7 {10} 9.
e4 {114} Nd7 {16} 10. Qc2 {99} h6 {60} 11. Nh4 {253} g5 {273} 12. Nf5 {163}
Nxf5 {28} 13. exf5 {6} Nf6 {5} 14. Nd1 {77} Re8 {174} 15. Bd2 {230} Bd7 {44}
16. Ne3 {163} e4 {70} 17. Bc3 {128} Qe7 {275} 18. Rae1 {192} c5 {17} 19. dxc6 {
111} Bxc6 {361} 20. Re2 {11} b5 {802} 21. Rd1 {25} bxc4 {125} 22. Bb4 {37} Qb7
{530} 23. Rxd6 {306} Rad8 {185} 24. Red2 {235} Rxd6 {85} 25. Bxd6 {624} Bd7 {17
} 26. Bc5 {152} Bb5 {354} 27. Bb4 {217} Nd7 {203} 28. Bc3 {112} Ne5 {11} 29.
Bxe5 {240} Rxe5 {49} 30. Rd8+ {59} Re8 {4} 31. Bxe4 {23} Qb6 {73} 32. Rxe8+ {8}
Bxe8 {3} 33. Nxc4 {20} Qc5 {79} 34. b3 {32} Bd4 {7} 35. Kg2 {30} Bb5 {41} 36.
Qe2 {47} Kg7 {17} 37. a4 {17} Bxc4 {41} 38. bxc4 {26} Qe5 {13} 39. Qf3 {7} Bc5
{20} 40. Bd5 {16} a5 {8} 41. h4 {28} Qd4 {7} 42. hxg5 {5} hxg5 {2} 43. Qe2 {6}
Kf6 {15} 44. Be4 {46} Bb4 {20} 45. Bb1 {20} Bc5 {8} 46. Bd3 {5} Bb4 {6} 47. Be4
{19} Bc5 {Mikhail Umansky bietet Remis (Lag: Av=0.20s, max=1.3s) 5} 1/2-1/2